[Event "FAI-chT 2122"]
[Site "Faroe Islands"]
[Date "2022.03.26"]
[Round "10.2"]
[White "Petersen, Terji"]
[Black "Jogvansson, Hjalti Toftum"]
[Result "0-1"]
[WhiteElo "2030"]
[BlackElo "1988"]
[PlyCount "96"]
[EventDate "2021.10.03"]
[EventType "team-tourn"]
[EventRounds "10"]
[EventCountry "FAI"]
[SourceTitle "EXT 2023"]
[Source "ChessBase"]
[SourceDate "2022.10.05"]
[SourceVersion "1"]
[SourceVersionDate "2022.10.05"]
[SourceQuality "1"]
[WhiteTeam "Klaksvik"]
[BlackTeam "Havnin II"]
[WhiteTeamCountry "FAI"]
[BlackTeamCountry "FAI"]

1. d4 d5 2. c4 e6 3. Nc3 Be7 4. Nf3 c6 5. e4 dxe4 6. Nxe4 Nf6 7. Bd3 b6 8. 0-0 Bb7 9. Qc2 Nbd7 10. b3 0-0 11. Bb2 Nxe4 12. Bxe4 f5 13. Bd3 Bf6 14. Rfe1 Re8 15. b4 c5 16. dxc5 bxc5 17. Rab1 Bxf3 18. gxf3 cxb4 19. Bxf6 Qxf6 20. Rxb4 Ne5 21. Be2 Qg5+ 22. Kh1 Qh4 23. Qc3 Qxf2 24. Bd1 Nc6 25. Rb7 Re7 26. Rxe7 Nxe7 27. Qe5 Qb6 28. Bb3 Qc6 29. Qxe6+ Qxe6 30. Rxe6 Kf8 31. Rd6 Rc8 32. Rd7 a5 33. Ba4 Rc5 34. Rd8+ Kf7 35. Ra8 Kf6 36. Bb5 Ng6 37. Rxa5 Ne5 38. Ra4 Nxf3 39. Rb4 f4 40. a4 Rg5 41. Rb1 Rh5 42. Kg2 Nd2 43. Rb2 f3+ 44. Kg3 Rg5+ 45. Kh3 Ne4 46. c5 Kf5 47. Bd7+ Kf4 48. Rb1 Nd2 0-1

[Event "FAI-chT 2122"]
[Site "Faroe Islands"]
[Date "2021.11.20"]
[Round "5.3"]
[White "Petersen, Terji"]
[Black "Berg, Margar"]
[Result "1-0"]
[WhiteElo "2030"]
[BlackElo "1975"]
[PlyCount "71"]
[EventDate "2021.10.03"]
[EventType "team-tourn"]
[EventRounds "10"]
[EventCountry "FAI"]
[SourceTitle "EXT 2023"]
[Source "ChessBase"]
[SourceDate "2022.10.05"]
[SourceVersion "1"]
[SourceVersionDate "2022.10.05"]
[SourceQuality "1"]
[WhiteTeam "Klaksvik"]
[BlackTeam "Havnin II"]
[WhiteTeamCountry "FAI"]
[BlackTeamCountry "FAI"]

1. d4 e6 2. c4 c5 3. d5 Nf6 4. Nc3 g6 5. e4 d6 6. dxe6 Bxe6 7. Nf3 Nc6 8. Bf4 Nh5 9. Bg5 f6 10. Be3 Be7 11. Be2 0-0 12. Qd2 Ng7 13. Rd1 a6 14. 0-0 Rb8 15. Nd5 Ne8 16. Nxe7+ Qxe7 17. a4 Qc7 18. Qc3 Qa5 19. Qc2 Nb4 20. Qb3 Qc7 21. Qc3 Qc6 22. Bf4 Rd8 23. e5 fxe5 24. Bxe5 Qxa4 25. Ng5 Bc8 26. b3 Qd7 27. Qg3 Nc6 28. Bb2 Qe7 29. Bf3 Rf5 30. Bd5+ Kf8 31. h4 Nf6 32. Rfe1 Qg7 33. Be6 h6 34. Bxc8 hxg5 35. Bxf5 gxf5 36. hxg5 1-0

[Event "FAI-chT 2021"]
[Site "Faroe Islands"]
[Date "2021.01.24"]
[Round "6.4"]
[White "Gaard, Ingolf"]
[Black "Petersen, Terji"]
[Result "0-1"]
[WhiteElo "1951"]
[BlackElo "1986"]
[PlyCount "104"]
[EventDate "2020.10.04"]
[EventType "team-tourn"]
[EventRounds "10"]
[EventCountry "FAI"]
[SourceTitle "EXT 2022"]
[Source "ChessBase"]
[SourceDate "2021.10.06"]
[SourceVersion "1"]
[SourceVersionDate "2021.10.06"]
[SourceQuality "1"]
[WhiteTeam "Klaksvik II"]
[BlackTeam "Klaksvik"]
[WhiteTeamCountry "FAI"]
[BlackTeamCountry "FAI"]

1. d4 Nf6 2. c4 e6 3. Nc3 c5 4. d5 exd5 5. cxd5 d6 6. e4 g6 7. f4 Bg7 8. Nf3 0-0 9. Be2 Re8 10. Nd2 b6 11. 0-0 Na6 12. Bf3 Qd7 13. a4 Nb4 14. Nc4 Ba6 15. Qb3 Ng4 16. h3 Bd4+ 17. Kh1 Nf2+ 18. Kh2 Nfd3 19. Na2 Nxa2 20. Rxa2 Nxc1 21. Rxc1 Bxc4 22. Rxc4 f5 23. Rxd4 cxd4 24. e5 Rac8 25. e6 Qc7 26. Be2 Qc1 27. Bb5 Qxf4+ 28. Qg3 Qxg3+ 29. Kxg3 Re7 30. b4 Rc3+ 31. Kf2 Rec7 32. Bc6 R3xc6 33. dxc6 Rxc6 34. Re2 Rc8 35. a5 Kf8 36. axb6 axb6 37. Ra2 Ke7 38. Ra7+ Kxe6 39. Rb7 Rc2+ 40. Kf1 Rb2 41. Rxb6 d3 42. Ke1 Rxg2 43. Rb8 Rb2 44. b5 f4 45. Rf8 Ke5 46. Rf7 h5 47. Re7+ Kd5 48. h4 f3 49. Rf7 Re2+ 50. Kd1 f2 51. b6 Re1+ 52. Kd2 f1Q 0-1

[Event "FAI-chT 1617"]
[Site "Faroe Islands"]
[Date "2017.01.28"]
[Round "5.2"]
[White "Hansen, Herluf"]
[Black "Petersen, Terji"]
[Result "1/2-1/2"]
[WhiteElo "2014"]
[BlackElo "1992"]
[PlyCount "49"]
[EventDate "2016.10.23"]
[EventType "team-tourn"]
[EventRounds "10"]
[EventCountry "FAI"]
[SourceTitle "EXT 2020"]
[Source "ChessBase"]
[SourceDate "2019.10.17"]
[SourceVersion "1"]
[SourceVersionDate "2019.10.17"]
[SourceQuality "1"]
[WhiteTeam "Havnin II"]
[BlackTeam "Klaksvik II"]
[WhiteTeamCountry "FAI"]
[BlackTeamCountry "FAI"]

1. Nf3 d5 2. c4 c6 3. b3 Bf5 4. Bb2 e6 5. g3 Nf6 6. Bg2 b5 7. cxb5 cxb5 8. 0-0 Nc6 9. Na3 Qb6 10. Nc2 Bc5 11. d3 0-0 12. Qd2 a5 13. h3 Rfd8 14. Nh4 Bg6 15. Nxg6 hxg6 16. d4 Be7 17. a3 Ne4 18. Bxe4 dxe4 19. Qe3 Bf6 20. Rfd1 e5 21. dxe5 Qxe3 22. Nxe3 Bxe5 23. Bxe5 Nxe5 24. a4 bxa4 25. bxa4 1/2-1/2

[Event "FAI-chT 1516"]
[Site "Faroe Islands"]
[Date "2016.04.16"]
[Round "10.3"]
[White "Christiansen, Samal"]
[Black "Petersen, Terji"]
[Result "1/2-1/2"]
[WhiteElo "1902"]
[BlackElo "2014"]
[PlyCount "55"]
[EventDate "2015.10.25"]
[EventType "team-tourn"]
[EventRounds "10"]
[EventCountry "FAI"]
[SourceTitle "EXT 2017"]
[Source "ChessBase"]
[SourceDate "2016.10.25"]
[SourceVersion "1"]
[SourceVersionDate "2016.10.25"]
[SourceQuality "1"]
[WhiteTeam "Rokur"]
[BlackTeam "Klaksvik"]
[WhiteTeamCountry "FAI"]
[BlackTeamCountry "FAI"]

1. e4 c5 2. Nf3 d6 3. d4 cxd4 4. Nxd4 Nf6 5. Nc3 g6 6. Be2 Bg7 7. Be3 0-0 8. 0-0 Nc6 9. Qd2 d5 10. Nxc6 bxc6 11. Bc5 Qc7 12. Rab1 dxe4 13. Bc4 Rd8 14. Qg5 Ng4 15. Qh4 Bf6 16. Qg3 Be5 17. Qh4 Bxh2+ 18. Kh1 Bd6 19. Nxe4 Bxc5 20. Nxc5 Rd4 21. Bxf7+ Kg7 22. Be6 Qd6 23. Bxc8 Rxc8 24. Rbe1 e5 25. Ne4 Nf6 26. Qxf6+ Qxf6 27. Nxf6 Kxf6 28. Re2 1/2-1/2

[Event "FAI-chT 1516"]
[Site "Faroe Islands"]
[Date "2015.10.31"]
[Round "2.3"]
[White "Simonsen, Hans Kristian"]
[Black "Petersen, Terji"]
[Result "1/2-1/2"]
[WhiteElo "2165"]
[BlackElo "2003"]
[PlyCount "82"]
[EventDate "2015.10.25"]
[EventType "team-tourn"]
[EventRounds "10"]
[EventCountry "FAI"]
[SourceTitle "EXT 2017"]
[Source "ChessBase"]
[SourceDate "2016.10.25"]
[SourceVersion "1"]
[SourceVersionDate "2016.10.25"]
[SourceQuality "1"]
[WhiteTeam "Havnin"]
[BlackTeam "Klaksvik II"]
[WhiteTeamCountry "FAI"]
[BlackTeamCountry "FAI"]

1. e4 c5 2. Nc3 Nc6 3. f4 e6 4. Nf3 d5 5. Bb5 d4 6. Bxc6+ bxc6 7. Ne2 d3 8. Nc3 Ba6 9. cxd3 Bxd3 10. Qa4 Qb6 11. Ne5 Bb5 12. Qb3 Nf6 13. Nc4 Qa6 14. d3 Rd8 15. Nxb5 cxb5 16. Na3 c4 17. Qxb5+ Qxb5 18. Nxb5 Bb4+ 19. Bd2 Bxd2+ 20. Kxd2 Nxe4+ 21. Ke3 Rxd3+ 22. Kxe4 f5+ 23. Ke5 Rd5+ 24. Kxe6 Rxb5 25. a4 Rxb2 26. Rab1 Re2+ 27. Kxf5 0-0+ 28. Kg4 Rxg2+ 29. Kf3 Ra2 30. Rb4 Rc8 31. Rc1 c3 32. h4 a5 33. Rd4 Rb2 34. Ke3 Rc5 35. Rd8+ Kf7 36. Kd4 Rf5 37. Kxc3 Rb4 38. Kd3 Rfxf4 39. Rc7+ Kg6 40. Rdd7 Rxa4 41. Rxg7+ Kf6 1/2-1/2

[Event "FAI-chT 1415"]
[Site "Faroe Islands"]
[Date "2015.03.21"]
[Round "10.1"]
[White "Nielsen, Hogni Egilstoft"]
[Black "Petersen, Terji"]
[Result "1-0"]
[WhiteElo "2273"]
[BlackElo "2022"]
[PlyCount "39"]
[EventDate "2014.10.26"]
[EventType "team-tourn"]
[EventRounds "10"]
[EventCountry "FAI"]
[SourceTitle "EXT 2019"]
[Source "ChessBase"]
[SourceDate "2018.10.10"]
[SourceVersion "1"]
[SourceVersionDate "2018.10.10"]
[SourceQuality "1"]
[WhiteTeam "Sandavagur"]
[BlackTeam "Klaksvik"]
[WhiteTeamCountry "FAI"]
[BlackTeamCountry "FAI"]

1. e4 c5 2. Nf3 d6 3. Bb5+ Bd7 4. Bxd7+ Qxd7 5. c4 Nc6 6. d4 cxd4 7. Nxd4 Nf6 8. Nc3 Qg4 9. 0-0 Qxd1 10. Rxd1 Nxd4 11. Rxd4 g6 12. Nb5 Kd7 13. e5 Ne8 14. exd6 exd6 15. Bf4 Kc6 16. Rad1 Bg7 17. R4d2 Be5 18. Bxe5 dxe5 19. b4 Rf8 20. Rd6+ 1-0

[Event "FAI-chT 1415"]
[Site "Faroe Islands"]
[Date "2014.11.23"]
[Round "5.4"]
[White "Petersen, Terji"]
[Black "Jacobsen, Heidrikur Tindskar"]
[Result "1-0"]
[WhiteElo "2022"]
[BlackElo "1933"]
[PlyCount "58"]
[EventDate "2014.10.26"]
[EventType "team-tourn"]
[EventRounds "10"]
[EventCountry "FAI"]
[SourceTitle "CBM 163 Extra"]
[Source "ChessBase"]
[SourceDate "2014.12.23"]
[SourceVersion "1"]
[SourceVersionDate "2014.12.23"]
[SourceQuality "1"]
[WhiteTeam "Klaksvik II"]
[BlackTeam "Havnin"]
[WhiteTeamCountry "FAI"]
[BlackTeamCountry "FAI"]

1. d4 Nf6 2. c4 g6 3. Nc3 Bg7 4. e4 d6 5. Nf3 0-0 6. Be2 Nc6 7. d5 Nb8 8. 0-0 Nbd7 9. Be3 c5 10. Ne1 Qb6 11. Rb1 Ne8 12. Qd2 e5 13. dxe6 fxe6 14. Nf3 Qc6 15. Rbd1 a6 16. Bf4 Bxc3 17. bxc3 Qxe4 18. Bh6 Rf6 19. Bd3 Qc6 20. Rfe1 Nf8 21. h4 Qd7 22. Ng5 d5 23. Bxf8 Kxf8 24. cxd5 exd5 25. Qe3 Nd6 26. Qe5 Kg7 27. Nxh7 Ne8 28. Nxf6 Nxf6 29. Qg5 Qc6 1-0

[Event "FAI-chT"]
[Site "Faroe Islands"]
[Date "2011.11.20"]
[Round "3.2"]
[White "Jacobsen, Heidrikur Tindskar"]
[Black "Petersen, Terji"]
[Result "0-1"]
[WhiteElo "1899"]
[BlackElo "2070"]
[PlyCount "136"]
[EventDate "2011.10.30"]
[EventType "team-tourn"]
[EventRounds "10"]
[EventCountry "FAI"]
[SourceTitle "EXT 2013"]
[Source "ChessBase"]
[SourceDate "2012.11.22"]
[SourceVersion "1"]
[SourceVersionDate "2012.11.22"]
[SourceQuality "1"]
[WhiteTeam "Havnin II"]
[BlackTeam "Klaksvik"]
[WhiteTeamCountry "FAI"]
[BlackTeamCountry "FAI"]

1. d4 Nf6 2. c4 e6 3. Nc3 c5 4. Nf3 b6 5. d5 d6 6. e4 e5 7. Bd3 Be7 8. 0-0 Nbd7 9. Ne1 Nf8 10. f4 Bg4 11. Qa4+ Bd7 12. Qc2 exf4 13. Bxf4 Ng6 14. Bd2 Ng4 15. Nf3 Bf6 16. h3 N4e5 17. Nxe5 Bxe5 18. Be3 0-0 19. Ne2 Qh4 20. Qd2 Qe7 21. Nf4 a6 22. Nxg6 hxg6 23. Rab1 a5 24. Bg5 f6 25. Bf4 g5 26. Bxe5 Qxe5 27. Qc3 Qe7 28. Qc2 Be8 29. Rf2 Bg6 30. a4 Rae8 31. Re2 Qd7 32. g4 Re5 33. Rbe1 Be8 34. b3 Qf7 35. Qd2 Bd7 36. Kg2 Qg6 37. Qc2 Qh7 38. Qd2 Kf7 39. Qc2 Ke7 40. Qd2 Rh8 41. Qe3 Bxg4 42. hxg4 Qh2+ 43. Kf1 Qh1+ 44. Kf2 Rh2+ 45. Kg3 Rh3+ 46. Kf2 Qh2+ 47. Kf1 Rxe3 48. Rxe3 Qf4+ 49. Kg2 Qxg4+ 50. Rg3 Qf4 51. Rf1 Qd2+ 52. Rf2 Qd1 53. Bc2 Qh5 54. Rh3 Qe8 55. Rh7 Qg8 56. Rh3 g4 57. Rh1 Qf7 58. Rh8 Kd7 59. Kg3 Rh5 60. Rh2 Rxh2 61. Kxh2 Qg6 62. Kg3 Qg5 63. Rb8 Qd2 64. e5 Qxc2 65. e6+ Kc7 66. e7 Qd3+ 67. Kf2 Qf3+ 68. Kg1 Qe3+ 0-1

[Event "FAI-chT"]
[Site "Faroe Islands"]
[Date "2011.11.06"]
[Round "2.3"]
[White "Nielsen, Torkil"]
[Black "Petersen, Terji"]
[Result "1-0"]
[WhiteElo "2089"]
[BlackElo "2070"]
[PlyCount "47"]
[EventDate "2011.10.30"]
[EventType "team-tourn"]
[EventRounds "10"]
[EventCountry "FAI"]
[SourceTitle "EXT 2013"]
[Source "ChessBase"]
[SourceDate "2012.11.22"]
[SourceVersion "1"]
[SourceVersionDate "2012.11.22"]
[SourceQuality "1"]
[WhiteTeam "Sandavagur"]
[BlackTeam "Klaksvik"]
[WhiteTeamCountry "FAI"]
[BlackTeamCountry "FAI"]

1. e4 d5 2. exd5 Nf6 3. d4 Bg4 4. Bb5+ Nbd7 5. f3 Bf5 6. c4 a6 7. Ba4 b5 8. cxb5 Nxd5 9. Nc3 Nb4 10. Ne4 axb5 11. Bxb5 c6 12. Bc4 e5 13. Qb3 Qe7 14. Ne2 exd4 15. 0-0 d3 16. Bxd3 Ne5 17. Nd6+ Qxd6 18. Bxf5 Nbd3 19. Bxd3 Nxd3 20. Be3 Rb8 21. Qc3 Rxb2 22. Nf4 Nxf4 23. Qxb2 Nd5 24. Rfd1 1-0

[Event "Sandavagur FM"]
[Site "Sandavagur"]
[Date "2010.03.30"]
[Round "5.1"]
[White "Petersen, Terji"]
[Black "Jogvansson, Hjalti Toftum"]
[Result "1/2-1/2"]
[WhiteElo "2027"]
[BlackElo "1870"]
[PlyCount "138"]
[EventDate "2010.03.26"]
[EventType "tourn"]
[EventRounds "9"]
[EventCountry "FAI"]
[SourceTitle "EXT 2024"]
[Source "ChessBase"]
[SourceDate "2023.10.10"]
[SourceVersion "1"]
[SourceVersionDate "2023.10.10"]
[SourceQuality "1"]

1. d4 d5 2. c4 e6 3. Nc3 Be7 4. Nf3 Nf6 5. Bg5 0-0 6. cxd5 exd5 7. e3 b6 8. Bd3 Na6 9. Ne5 Nb4 10. Bb5 Ne4 11. Bxe7 Qxe7 12. a3 Nxc3 13. bxc3 Na6 14. Bc6 Rb8 15. Bxd5 Bb7 16. Nc6 Qd6 17. Qf3 Ba8 18. c4 Bxc6 19. Bxc6 Rbd8 20. 0-0 Nb8 21. Ba4 c5 22. Rfd1 Rc8 23. Bb3 Qe7 24. d5 Qd6 25. Ba4 Rcd8 26. e4 Nd7 27. Bxd7 Rxd7 28. Qc3 Re8 29. Re1 Rde7 30. f3 Re5 31. g3 h5 32. a4 Rg5 33. Qd2 Rge5 34. a5 h4 35. g4 Qf6 36. Rf1 h3 37. Qf2 Qg6 38. Kh1 Qh6 39. Rfd1 Rd8 40. axb6 axb6 41. Ra7 Qf4 42. Rf1 Rd6 43. Ra8+ Kh7 44. Qg3 g5 45. Qxh3+ Rh6 46. Qg2 Kg7 47. Qb2 Kh7 48. Rb8 Qf6 49. Rxb6 Qxb6 50. Qxe5 f6 51. Qe7+ Kg6 52. Qe8+ Kg7 53. Qd7+ Kg6 54. Qf5+ Kg7 55. Ra1 Rxh2+ 56. Kxh2 Qb2+ 57. Kg3 Qxa1 58. Qd7+ Kh6 59. f4 Qg1+ 60. Kf3 Qf1+ 61. Ke3 gxf4+ 62. Kd2 Qf2+ 63. Kc3 Qe3+ 64. Kb2 Qd2+ 65. Kb1 Qb4+ 66. Ka1 Qa3+ 67. Kb1 Qb3+ 68. Ka1 Qc3+ 69. Kb1 Qb3+ 1/2-1/2